000 00360nam a2200145Ia 4500
005 20251222153637.0
008 251222s9999||||xx |||||||||||||| ||spa||
020 _a9786123110659
082 _a347.052/C28
100 _aCárdenas Rodríguez, Luis
245 0 _aPrescripción Civil y Penal:
250 _a1ra.ed.
264 _bGaceta Jurídica
942 _cLIB
999 _c32609
_d32609